000 00912nam a2200277 i 4500
003 EG-ScBUE
005 20241013101548.0
008 101122s2005 enk f d 000 0 eng d
020 _a0582825253
040 _aEG-ScBUE
_beng
_erda
_cEG-ScBUE
_dEG-ScBUE
082 0 4 _a428.24
_bCUN
_222
245 0 0 _aNew cutting edge :
_bmini-dictionary,
_pUpper intermediate.
246 3 0 _aUpper intermediate
264 1 _aHarlow, England :
_bLongman :
_bPearson Education Limited,
_c2005.
300 _a47 pages ;
_c18 cm
336 _2rdacontent
_atext
_btxt
336 _2rdacontent
_asounds
_bsnd
337 _2rdamedia
_aunmediated
_bn
337 _2rdamedia
_aaudio
_bs
338 _2rdacarrier
_avolume
_bnc
338 _2rdacarrier
_aaudio cassette
_bss
650 7 _aEnglish language
_vTextbooks for foreign speakers.
_2BUEsh
_913993
653 _cAugust2015
_bHHUUEENN
655 _vReading book
_934232
942 _2ddc
_cBB
999 _c30824
_d30795